Esercizi secondo la grammatica Italiana della lingua viva : per uso delle scuole ginnasiali, tecniche e complementari

Gespeichert in:
Bibliographische Detailangaben
1. Verfasser: De Titta, Cesare (VerfasserIn)
Format: Buch
Sprache:Italienisch
Erschienen: Lanciano : Carabba Rocco, [19..]
Katalog:EDISCO:  Suchergebnis im Bibliothekskatalog
Schulbuchspezifische Eigenschaften:
Schlagworte:
Tags: Tag hinzufügen
Keine Tags, Fügen Sie den ersten Tag hinzu!
Hinzugefügt zu:30.04.2016
Geändert in:21.11.2017

MARC

LEADER 00000aam a22000007 4500
001 00970
003 OSt
005 20171121113141.0
008 160501s it 000 0 ita
999 |c 960  |d 960 
040 |c Antonio Parlati - L'Acquila 
041 1 |a ita 
100 |a De Titta, Cesare  |9 102  |e Author 
245 0 0 |a Esercizi secondo la grammatica Italiana della lingua viva :  |b per uso delle scuole ginnasiali, tecniche e complementari /   |c Cesare De Titta 
260 |a Lanciano :   |b Carabba Rocco,   |c [19..] 
300 |a 1 volume, 1/1 ;  
510 3 |a 1.50 
546 |a ita 
650 |a Italiano  |9 9 
655 |a Grammatica  |9 15 
690 4 |a Secondaria inferiore  |x Scuola tecnica  |x Complementare  |x Ginnasio  |9 3679 
901 |a 7 
942 |2 ddc  |c BK 
999 |c edisco:960  |d 960